Blackbird - Quiz - Statistiken

Allgemein
  • Dieses Quiz wurde 53 mal gespielt
  • Das Durchschnittsergebnis liegt bei 11 aus 17
Antwortstatistiken
Frage Antwort % Korrekt
Wie hieß der Austauschschüler von Jaquelines Bruder? Callum
91%
Was passiert in Kapitel 5? Er schreibt einen Brief
91%
Wen stalkt Motte in Kapitel 3? Jaqueline
91%
Was schockiert Motte direkt am Anfang des Buches? Trennung der Eltern
91%
Wie kam Japqueline zum Steg, wo sie Motte zum ersten Mal traf? Fahrrad
83%
Was sagt die Mutter von Morten in Kapitel 4(etwas dummes)? Motte willst du den Schornsteinfeger nicht mal anfassen? Das bringt Glück.
83%
Was klaute Motte? Fahrrad
74%
Welcher Lehrer verließ die Schule? Herr Kragler
70%
Welches Geschäft öffnet in seiner Stadt? Rock World
65%
Wer ist Manuela? Walkis Schwester
65%
In welche Schwester ist Bogi verliebt? Schwester Merle
61%
Wer ist Martin? Neanderthal-Klaus wie er bekifft Morten sagt
57%
Wo endet das 16. Kapitel? Freibad
52%
Was wird am Ende des 17. Kapitel gemacht? Getrunken
43%
Wo will Motte in Kapitel 14 hin? Nicht Nachhause
39%
Wo wohnte Motte‘s Vater nach der Trennung? Sackgesichtshausen
26%
Wer organisiert den Umzug mit dem Vater zusammen? Keiner
17%
Keine übereinstimmenden Quizze gefunden
Verteilung der Resultate
Anzahl Personen mit jedem Resultat
Perzentil nach korrekt beantworteten Fragen
Ihre Resultats-Entwicklung
Sie haben dieses Quiz noch nicht gespielt